000 00752nam a2200241Ia 4500
003 OSt
005 20220926001510.0
006 a|||||r|||| 00| 0
007 ta
008 220923b |||||||| |||| 00| 0 eng d
037 _cGeneral Book
040 _aRTL
_cRTL
_beng
041 _2eng
_aeng
082 _aX93.2.N87<N86t, M7/GD
110 _aINDIA, TRANSPORT (Ministry of -)
_9260198
245 0 _aCommittee on public undertakings (1986-87)
_b Nineteenth report.
260 _a New Delhi
_bLok Sabha secretariat
_c1987
300 _avii,37p.
_ccm.
500 _aAppendix :36-37p.
700 _aINDIA, TRANSPORT (Ministry of -)
_9260199
942 _hX93.2.N87<N86t, M7/GD
_cGB
_2CC
999 _c601718
_d601718